| 000 | 00982nas a2200337 4500 | ||
|---|---|---|---|
| 001 | BR9700153 | ||
| 003 | BR-BrBNA | ||
| 005 | 20231205095931.0 | ||
| 007 | ta | ||
| 008 | 230509b bl.|||p| |||| 00| 00por d | ||
| 040 |
_aBR-BrBNA _bpor _cBiblioteca Nacional de Agricultura |
||
| 041 | _a(Pt) | ||
| 072 | _aL10 | ||
| 100 | 1 | _aBordignon, V. | |
| 100 | 1 | _aDeschamps, J.C. | |
| 100 | 1 | _aSechin, A. | |
| 100 | 1 | _aPaludo, G.R. | |
| 100 | 1 | _aVivan, J.C. | |
| 100 | 1 | _aNicola, E. | |
| 100 | 1 | _aBozzato, J.S. | |
| 100 | 1 | _aGonzales, J.A. | |
| 100 | 1 | _aPimentel, C.A. | |
| 245 | 1 | _aEfeito da trealose sobre a motilidade, acrossoma e fertilidade do semen congelado de suinos | |
| 650 | _aSUÍNO | ||
| 650 | _aSemen | ||
| 650 | _aCongelamento | ||
| 650 | _aInseminacao Artificial | ||
| 773 | 0 |
_tRevista Brasileira de Reproducao Animal (Brazil) _xISSN 0102-0803 _g(1996), v. 20(2) p. 54-62 _wBR9700153 |
|
| 909 |
_a202311 _bLúcia _c55 _dLúcia Elande |
||
| 942 |
_2AGRIS _n0 _cANA |
||
| 999 |
_c153538 _d153538 |
||